ブルーリボン賞受賞車両・会社 - Statistics

General Stats
  • This quiz has been taken 12 times
  • The average score is 84 of 138
Answer Stats
回(選定年) 受賞車両 % Correct
第10回(1967年) | 第21回(1978年) | 第22回(1979年) | +6 others 近畿日本鉄道
91%
第17回(1974年) | 第54回(2011年) 京成電鉄
91%
第19回(1976年) 阪急電鉄
91%
第30回(1987年) 北海道旅客鉄道
91%
第33回(1990年) | 第43回(2000年) | 第45回(2002年) | +3 others 東日本旅客鉄道
91%
第36回(1993年) | 第39回(1996年) | 第44回(2001年) | 第60回(2017年) 九州旅客鉄道
91%
第38回(1995年) 南海電気鉄道
91%
第41回(1998年) | 第57回(2015年) | 第61回(2018年) | 第68回(2025年) 西日本旅客鉄道
91%
第59回(2016年) 阪神電気鉄道
91%
第66回(2023年) 東海旅客鉄道
91%
第8回(1965年) 0系新幹線電車
91%
第1回(1958年) | 第24回(1981年) | 第31回(1988年) | +5 others 小田急電鉄
82%
第20回(1977年) | 第28回(1985年) | 第5回(1962年) | 第9回(1966年) 名古屋鉄道
82%
第26回(1983年) | 第65回(2022年) 京浜急行電鉄
82%
第34回(1991年) | 第67回(2024年) 東武鉄道
82%
第47回(2004年) 四国旅客鉄道
82%
第34回(1991年) 100系電車
82%
第41回(1998年) 500系新幹線電車
82%
第13回(1970年) 5000系電車
82%
第13回(1970年) | 第63回(2020年) 西武鉄道
73%
第56回(2013年) 東京地下鉄
73%
第50回(2007年) 0600形電車
73%
第23回(1980年) | 第25回(1982年) 1000形電車
73%
第56回(2013年) 1000系電車
73%
第26回(1983年) 2000形電車
73%
第1回(1958年) 3000形電車
73%
第38回(1995年) | 第57回(2014年) 50000系電車
73%
第49回(2006年) 50000形電車
73%
第64回(2021年) 80000系電車
73%
第51回(2008年) N700系新幹線電車
73%
第11回(1968年) | 第12回(1969年) | 第15回(1972年) | +5 others 日本国有鉄道
64%
第31回(1988年) 10000形電車
64%
第42回(1999年) 285系電車
64%
第20回(1977年) 6000系電車
64%
第52回(2009年) 60000形電車
64%
第5回(1962年) 7000系電車
64%
第24回(1981年) 7000形電車
64%
第17回(1974年) AE車(初代)
64%
第54回(2011年) AE形電車(2代目)
64%
第58回(2015年) E7系新幹線電車
64%
第63回(2020年) 001系電車
55%
第35回(1992年) 20000形電車
55%
第32回(1989年) 21000系電車
55%
第61回(2018年) 35系客車
55%
第62回(2019年) 70000形電車
55%
第55回(2012年) E5系新幹線電車
55%
第57回(2015年) W7系新幹線電車
55%
第42回(1999年) | 第51回(2008年) {東海旅客鉄道}と{西日本旅客鉄道}の共同開発
45%
第48回(2005年) 日本貨物鉄道
45%
第29回(1986年) 2100系電車
45%
第46回(2003年) 21020系電車
45%
第68回(2025年) 273系電車
45%
第22回(1979年) 30000系電車
45%
第7回(1964年) 3100形電車
45%
第59回(2016年) 5700系電車
45%
第36回(1993年) 787系電車
45%
第53回(2010年) E259系電車
45%
第66回(2023年) HC85系気動車
45%
第67回(2024年) N100系電車
45%
第25回(1982年) 箱根登山鉄道
36%
第29回(1986年) 伊豆急行
36%
第50回(2007年) 富山ライトレール
36%
第14回(1971年) | 第18回(1975年) | 第37回(1994年) | 第40回(1997年) 該当車なし
36%
第65回(2022年) 1000形1890番台電車
36%
第21回(1978年) 12400系電車
36%
第2回(1959年) 151系電車
36%
第16回(1973年) 183系電車
36%
第19回(1976年) 6300系電車
36%
第33回(1990年) 651系電車
36%
第28回(1985年) 8800系電車
36%
第39回(1996年) 883系電車
36%
第44回(2001年) 885系電車
36%
第45回(2002年) E257系電車
36%
第3回(1960年) 10100系電車
27%
第9回(1966年) キハ8000系気動車
27%
第60回(2017年) BEC819系電車
27%
第43回(2000年) E26系客車
27%
第15回(1972年) 14系客車(寝台車)
18%
第47回(2004年) 5100形電車
18%
第11回(1968年) 581系電車
18%
第48回(2005年) M250系電車
18%
第14回(1971年) | 第18回(1975年) | 第37回(1994年) | 第40回(1997年) 該当車なし
9%
第23回(1980年) 江ノ島鎌倉観光
9%
第6回(1963年) 20100系電車
9%
第4回(1961年) キハ81系気動車
9%
第30回(1987年) キハ83・キハ84形気動車
9%
第12回(1969年) EF66形電気機関車
9%
第27回(1984年) 14系700番台客車
0%
第10回(1967年) 18200系電車
0%
No matching quizzes found
Score Distribution
Percent of People with Each Score
Percentile by Number Answered
Your Score History
You have not taken this quiz